Fertigungsorganisation für stabile und zuverlässige Fertigungsprozesse

Guardado en:
Detalles Bibliográficos
Autor principal: Elssner, Werner
Otros Autores: Hamann, Joachim
Formato: Libro
Lenguaje:alemán
Publicado: Berlin Technik 1984
Colección:Betriebspraxis
Etiquetas: Agregar Etiqueta
Sin Etiquetas, Sea el primero en etiquetar este registro!

MARC

LEADER 00000nam a2200000 4500
001 c114525
005 20041019155158.8
041 0 |a ger 
044 |a DE 
245 1 0 |a Fertigungsorganisation für stabile und zuverlässige Fertigungsprozesse  |c Werner Elssner, Joachim Hamann 
264 1 |a Berlin  |b Technik  |c 1984 
300 |a 120 s. 
490 1 |a Betriebspraxis 
830 0 |a Betriebspraxis 
100 1 |a Elssner, Werner 
700 1 |a Hamann, Joachim